[Event "Tradewise Gibraltar Masters 14th"]
[Site "Gibraltar"]
[Date "2016.01.28"]
[Round "3.109"]
[White "Dolzhikova, Olga"]
[Black "Skutta, Bernd"]
[Result "1/2-1/2"]
[WhiteElo "2126"]
[BlackElo "1966"]
[PlyCount "94"]
[EventDate "2016.01.26"]
[EventType "swiss"]
[EventRounds "10"]
[EventCountry "GGB"]
[Source "www.saund.co.uk"]
[SourceDate "2005.02.07"]

1. e4 d6 2. d4 Nf6 3. Nc3 e5 4. Nf3 Nbd7 5. Bc4 Be7 6. h3 c6 7. Bb3 O-O 8. g4
exd4 9. Nxd4 Nc5 10. Qf3 Nxb3 11. axb3 Re8 12. Be3 d5 13. exd5 Bb4 14. dxc6
Qxd4 15. cxb7 Bxb7 16. Qxb7 Bxc3+ 17. bxc3 Qxc3+ 18. Ke2 Qxc2+ 19. Kf1 Rab8 20.
Qxa7 Nd5 21. Re1 Rxb3 22. Qa4 Qe4 23. Qxe4 Rxe4 24. Bd2 Rxe1+ 25. Bxe1 Nf4 26.
h4 Rb1 27. Rg1 f6 28. Rg3 Kf7 29. Re3 Ng6 30. h5 Ne5 31. f3 Rb2 32. Bf2 g6 33.
hxg6+ hxg6 34. Bg3 Nc4 35. Rc3 Nd2+ 36. Ke1 Ke6 37. Bf4 Nb1 38. Rc6+ Ke7 39.
Be3 Rb3 40. Kf2 Nc3 41. Bc5+ Kf7 42. Bd4 Nd5 43. Rd6 Rb5 44. g5 fxg5 45. Kg3
Nf4 46. Be3 Ne6 47. Bd2 Rc5 1/2-1/2

[Event "Tradewise Gibraltar Masters 14th"]
[Site "Gibraltar"]
[Date "2016.01.28"]
[Round "3.110"]
[White "Feldbacher, Harald"]
[Black "Zachariassen, John"]
[Result "1-0"]
[WhiteElo "2121"]
[BlackElo "1958"]
[PlyCount "57"]
[EventDate "2016.01.26"]
[EventType "swiss"]
[EventRounds "10"]
[EventCountry "GGB"]
[Source "www.saund.co.uk"]
[SourceDate "2005.02.07"]

1. d4 Nf6 2. Bg5 Ne4 3. h4 c6 4. Nd2 Qa5 5. Ngf3 d5 6. c3 Nd6 7. Bf4 e6 8. e3
Nd7 9. Bd3 Nf6 10. a4 Be7 11. b4 Qd8 12. Qc2 Bd7 13. Ne5 h5 14. f3 Ng8 15. g3
g5 16. hxg5 Bxg5 17. Ke2 Be7 18. Rag1 Nf6 19. g4 h4 20. g5 Nh5 21. g6 Nxf4+ 22.
exf4 Bf6 23. gxf7+ Nxf7 24. Bg6 Bxe5 25. Bxf7+ Kxf7 26. Qg6+ Ke7 27. fxe5 Qf8
28. Qg5+ Ke8 29. Rxh4 1-0

[Event "Tradewise Gibraltar Masters 14th"]
[Site "Gibraltar"]
[Date "2016.01.28"]
[Round "3.111"]
[White "Boron, Anthony"]
[Black "Amos, Frank"]
[Result "0-1"]
[WhiteElo "1915"]
[BlackElo "2118"]
[PlyCount "62"]
[EventDate "2016.01.26"]
[EventType "swiss"]
[EventRounds "10"]
[EventCountry "GGB"]
[Source "www.saund.co.uk"]
[SourceDate "2005.02.07"]

1. d4 g6 2. e4 Bg7 3. Nf3 d6 4. h3 Nc6 5. Be3 Nf6 6. Nc3 a6 7. a4 e5 8. dxe5
dxe5 9. Qxd8+ Nxd8 10. Bc4 Be6 11. Bd3 Nc6 12. Ng5 Nd4 13. O-O Nh5 14. Ne2 Bd7
15. c3 Nxe2+ 16. Bxe2 Nf4 17. Bc4 h6 18. Nf3 Bc6 19. Bxf4 exf4 20. Bd5 Bxd5 21.
exd5 O-O-O 22. Rad1 Rhe8 23. a5 Re2 24. Rfe1 Rxe1+ 25. Nxe1 c6 26. d6 Be5 27.
Nf3 Bxd6 28. Rd4 Bc7 29. Ra4 Rd5 30. Re4 Bxa5 31. Rxf4 Rd1+ 0-1

[Event "Tradewise Gibraltar Masters 14th"]
[Site "Gibraltar"]
[Date "2016.01.28"]
[Round "3.112"]
[White "Barrenechea Bahamonde, Gustavo"]
[Black "Lafortune, Emerick"]
[Result "1-0"]
[WhiteElo "2116"]
[BlackElo "1923"]
[PlyCount "87"]
[EventDate "2016.01.26"]
[EventType "swiss"]
[EventRounds "10"]
[EventCountry "GGB"]
[Source "www.saund.co.uk"]
[SourceDate "2005.02.07"]

1. e4 e5 2. Nf3 Nc6 3. Bc4 Bc5 4. c3 Nf6 5. b4 Bb6 6. d3 d6 7. Nbd2 O-O 8. a4
a5 9. b5 Ne7 10. Bb3 c6 11. O-O Ng6 12. Nc4 Bc7 13. bxc6 bxc6 14. Ba3 Re8 15.
Ne3 h6 16. Qc2 Ba6 17. Rfe1 Rb8 18. Rad1 Nf4 19. Ba2 d5 20. Nf5 Qd7 21. g3 Nxd3
22. Rxd3 Bxd3 23. Qxd3 Nxe4 24. Nxh6+ gxh6 25. Rxe4 Qf5 26. Nd2 dxe4 27. Nxe4
Red8 28. Qe2 Kg7 29. Be7 Rd7 30. Bf6+ Kg6 31. Bc4 Bd8 32. Bxd8 Rdxd8 33. Bd3
Kg7 34. Nd6 Qg5 35. Nf5+ Kf8 36. Qxe5 Rb2 37. Qh8+ Qg8 38. Qxh6+ Ke8 39. Qxc6+
Rd7 40. Qe4+ Kd8 41. Qa8+ Kc7 42. Qxg8 Rxd3 43. Qxf7+ Kb6 44. Ne3 1-0

[Event "Tradewise Gibraltar Masters 14th"]
[Site "Gibraltar"]
[Date "2016.01.28"]
[Round "3.113"]
[White "Kandic, Milan"]
[Black "Lochte, Szilvia"]
[Result "1/2-1/2"]
[WhiteElo "2109"]
[BlackElo "1913"]
[PlyCount "122"]
[EventDate "2016.01.26"]
[EventType "swiss"]
[EventRounds "10"]
[EventCountry "GGB"]
[Source "www.saund.co.uk"]
[SourceDate "2005.02.07"]

1. e4 c5 2. Nf3 e6 3. d4 cxd4 4. Nxd4 Nc6 5. Nc3 Qc7 6. Be2 a6 7. O-O Nf6 8.
Be3 b5 9. a3 Bb7 10. Nxc6 dxc6 11. f4 c5 12. e5 Nd5 13. Nxd5 Bxd5 14. c4 Bc6
15. cxb5 axb5 16. Bf3 Be7 17. f5 exf5 18. Bxc6+ Qxc6 19. Rxf5 Qe4 20. Qf3 Qxf3
21. Rxf3 O-O 22. Rc1 c4 23. Bd4 Rad8 24. Bc3 Bc5+ 25. Kh1 Rd7 26. Rcf1 h6 27.
Rf4 Re8 28. h3 Ra8 29. Rf5 Rc8 30. Re1 Rd3 31. e6 fxe6 32. Rxe6 Bxa3 33. Rxb5
Rd1+ 34. Re1 Rxe1+ 35. Bxe1 Be7 36. Bc3 Rc7 37. Kg1 Kf7 38. Kf2 g6 39. Ke3 Rd7
40. Ke4 Bf6 41. Rc5 Bxc3 42. bxc3 Rd2 43. g4 Rd3 44. Rxc4 Rxh3 45. Rc6 h5 46.
Rc7+ Kf6 47. gxh5 Rxh5 48. c4 Re5+ 49. Kd4 g5 50. Rh7 Re1 51. Rh2 Rd1+ 52. Kc5
Rc1 53. Kd5 g4 54. c5 Kf5 55. Rf2+ Kg5 56. c6 g3 57. Rf8 Kh4 58. Rh8+ Kg4 59.
Rg8+ Kf3 60. Kd6 g2 61. c7 Kf2 1/2-1/2

[Event "Tradewise Gibraltar Masters 14th"]
[Site "Gibraltar"]
[Date "2016.01.28"]
[Round "3.114"]
[White "Gravett, Alan D"]
[Black "Compton, Alistair"]
[Result "0-1"]
[WhiteElo "1884"]
[BlackElo "2094"]
[PlyCount "36"]
[EventDate "2016.01.26"]
[EventType "swiss"]
[EventRounds "10"]
[EventCountry "GGB"]
[Source "www.saund.co.uk"]
[SourceDate "2005.02.07"]

1. Nf3 d5 2. g3 c5 3. Bg2 Nc6 4. O-O Nf6 5. d4 e6 6. c4 Be7 7. cxd5 exd5 8. Nc3
O-O 9. a3 c4 10. Re1 Bf5 11. Nh4 Be6 12. Nxd5 Bxd5 13. e4 Be6 14. d5 Bg4 15. f3
Ne5 16. fxg4 Nfxg4 17. Nf5 Qb6+ 18. Be3 Bc5 0-1

[Event "Tradewise Gibraltar Masters 14th"]
[Site "Gibraltar"]
[Date "2016.01.28"]
[Round "3.114"]
[White "Havik, Victor"]
[Black "Sajjadi, Kimiya"]
[Result "1/2-1/2"]
[WhiteElo "2092"]
[BlackElo "1839"]
[PlyCount "119"]
[EventDate "2016.01.26"]
[EventType "swiss"]
[EventRounds "10"]
[EventCountry "GGB"]
[Source "www.saund.co.uk"]
[SourceDate "2005.02.07"]

1. d4 e6 2. Nf3 f5 3. g3 Nf6 4. Bg2 c6 5. O-O d5 6. b3 Na6 7. e3 Bd6 8. Bb2 Qe7
9. Nbd2 b6 10. c4 Bb7 11. Ne5 O-O 12. Qe2 Rac8 13. Rfc1 Ne4 14. cxd5 cxd5 15.
Ndf3 Nb8 16. Nd3 Nc6 17. Nde5 Nb8 18. Qd1 Ba6 19. Bf1 Qb7 20. Bd3 Bxd3 21. Nxd3
Nc6 22. Nf4 Qe7 23. h4 Rc7 24. Kg2 Rfc8 25. Ne1 Nd8 26. Rxc7 Rxc7 27. Rc1 Qd7
28. Rxc7 Qxc7 29. Qc2 Qxc2 30. Nxc2 Kf7 31. f3 Nf6 32. Ba3 Bxa3 33. Nxa3 a6 34.
Nc2 Nc6 35. Nd3 Ke7 36. Kh3 Kd6 37. Ncb4 a5 38. Nc2 e5 39. dxe5+ Nxe5 40. Nxe5
Kxe5 41. Nd4 g6 42. Nb5 Nd7 43. Kg2 Nc5 44. Kf1 Nd3 45. a3 Nc5 46. Nd4 h6 47.
Ke2 g5 48. hxg5 hxg5 49. f4+ Kf6 50. fxg5+ Kxg5 51. b4 axb4 52. axb4 Ne4 53.
Ne6+ Kf6 54. Nc7 Ke5 55. Na8 b5 56. Nc7 Nxg3+ 57. Kd3 Ne4 58. Nxb5 Nf2+ 59. Ke2
Ne4 60. Nd4 1/2-1/2

[Event "Tradewise Gibraltar Masters 14th"]
[Site "Gibraltar"]
[Date "2016.01.28"]
[Round "3.116"]
[White "Christophe-Hayot, Romain"]
[Black "Pabalan, Rocky"]
[Result "0-1"]
[WhiteElo "1824"]
[BlackElo "2089"]
[PlyCount "72"]
[EventDate "2016.01.26"]
[EventType "swiss"]
[EventRounds "10"]
[EventCountry "GGB"]
[Source "www.saund.co.uk"]
[SourceDate "2005.02.07"]

1. e4 c5 2. Nf3 g6 3. b3 Bg7 4. e5 Nc6 5. Bb2 Qc7 6. Qe2 Nh6 7. Na3 O-O 8. h3
Nf5 9. h4 Ncd4 10. Nxd4 Nxd4 11. Bxd4 cxd4 12. f4 Qc5 13. Qc4 Qxa3 14. Qxd4 d6
15. h5 Qc5 16. Qe4 dxe5 17. hxg6 hxg6 18. f5 Qd4 19. Qxd4 exd4 20. fxg6 fxg6
21. Bc4+ e6 22. O-O-O a6 23. Rde1 Rf6 24. Re4 b5 25. Bd3 Rf5 26. Rg4 Kf7 27.
Rh7 e5 28. Kb2 Rf6 29. Re4 Kg8 30. Reh4 Bf5 31. Bxf5 Rxf5 32. g3 Rf2 33. Kc1
Rc8 34. Rh2 Rf1+ 35. Kb2 e4 36. Rh1 Rxc2+ 0-1

[Event "Tradewise Gibraltar Masters 14th"]
[Site "Gibraltar"]
[Date "2016.01.28"]
[Round "3.117"]
[White "De Rosa, Mariagrazia"]
[Black "Winter, Kevin"]
[Result "1-0"]
[WhiteElo "2088"]
[BlackElo "1825"]
[PlyCount "29"]
[EventDate "2016.01.26"]
[EventType "swiss"]
[EventRounds "10"]
[EventCountry "GGB"]
[Source "www.saund.co.uk"]
[SourceDate "2005.02.07"]

1. e4 d6 2. d4 Nf6 3. Nc3 Nbd7 4. g4 e5 5. g5 Ng8 6. Nf3 Be7 7. Rg1 g6 8. Bc4
c6 9. Bb3 b5 10. dxe5 dxe5 11. Nxb5 Qa5+ 12. Nc3 Ba6 13. Bd2 Rd8 14. Nd5 Qb5
15. Nc7+ 1-0

[Event "Tradewise Gibraltar Masters 14th"]
[Site "Gibraltar"]
[Date "2016.01.28"]
[Round "3.118"]
[White "Hagesaether, Arne"]
[Black "Schimmer, Michael"]
[Result "1-0"]
[WhiteElo "2086"]
[BlackElo "1782"]
[PlyCount "63"]
[EventDate "2016.01.26"]
[EventType "swiss"]
[EventRounds "10"]
[EventCountry "GGB"]
[Source "www.saund.co.uk"]
[SourceDate "2005.02.07"]

1. e4 d6 2. d4 Nf6 3. Nc3 g6 4. f4 Bg7 5. Nf3 c5 6. Bb5+ Bd7 7. e5 Ng4 8. Bxd7+
Qxd7 9. h3 cxd4 10. Qxd4 Nh6 11. g4 O-O 12. Be3 f5 13. O-O-O Kh8 14. Ng5 Nc6
15. Qd5 Nd8 16. exd6 e6 17. Qb5 Nc6 18. Ne2 a6 19. Qb6 Rac8 20. Qb3 Rfe8 21.
Bb6 e5 22. gxf5 gxf5 23. Rhg1 Nd8 24. Nf3 Nhf7 25. fxe5 Nxe5 26. Rxg7 Kxg7 27.
Nxe5 Rxe5 28. Qg3+ Kf6 29. Bd4 Nc6 30. Qh4+ Kf7 31. Qxh7+ Ke8 32. Qg8# 1-0

[Event "Tradewise Gibraltar Masters 14th"]
[Site "Gibraltar"]
[Date "2016.01.28"]
[Round "3.119"]
[White "Biegel, Thomas"]
[Black "Chidi, Lovinia Sylvia"]
[Result "1-0"]
[WhiteElo "2069"]
[BlackElo "1780"]
[PlyCount "57"]
[EventDate "2016.01.26"]
[EventType "swiss"]
[EventRounds "10"]
[EventCountry "GGB"]
[Source "www.saund.co.uk"]
[SourceDate "2005.02.07"]

1. Nf3 Nf6 2. c4 d6 3. d4 g6 4. g3 Bg7 5. Bg2 O-O 6. O-O Nbd7 7. d5 h6 8. Nd4
Re8 9. h3 Nf8 10. e4 e5 11. Ne2 Kh7 12. Be3 a6 13. Nbc3 N8d7 14. Qd2 Rf8 15. b4
Ng8 16. c5 f5 17. exf5 gxf5 18. f4 Ngf6 19. fxe5 Nxe5 20. Bd4 Bd7 21. Nf4 Qe7
22. Rae1 Rae8 23. Qd1 Qf7 24. Kh1 Ng6 25. c6 bxc6 26. dxc6 Bc8 27. Nfd5 Rxe1
28. Rxe1 Nxd5 29. Bxd5 1-0

[Event "Tradewise Gibraltar Masters 14th"]
[Site "Gibraltar"]
[Date "2016.01.28"]
[Round "3.120"]
[White "Hamer, Martyn"]
[Black "Kristinsson, Magnus"]
[Result "1/2-1/2"]
[WhiteElo "2058"]
[BlackElo "1776"]
[PlyCount "82"]
[EventDate "2016.01.26"]
[EventType "swiss"]
[EventRounds "10"]
[EventCountry "GGB"]
[Source "www.saund.co.uk"]
[SourceDate "2005.02.07"]

1. Nf3 Nf6 2. c4 g6 3. g3 Bg7 4. Bg2 d5 5. cxd5 Nxd5 6. d4 O-O 7. O-O Nc6 8.
Nc3 Nb6 9. d5 Na5 10. Qc2 e6 11. dxe6 Bxe6 12. Rd1 Qc8 13. Bf4 Nac4 14. Nd4 c6
15. Nxe6 Qxe6 16. b3 Ne5 17. Rd2 Rad8 18. Rad1 Qe7 19. h3 Rfe8 20. Be3 Rxd2 21.
Qxd2 Ned7 22. Bd4 Nf6 23. e4 Rd8 24. Qc2 Qb4 25. Be3 Rxd1+ 26. Nxd1 Nfd7 27.
Bd2 Qd6 28. Bc3 Bxc3 29. Nxc3 Ne5 30. Qd1 Qxd1+ 31. Nxd1 Nd3 32. Nc3 f6 33. Kf1
Kf7 34. Ke2 Nc5 35. f4 Ke7 36. h4 h6 37. Ke3 Nc8 38. Bf1 g5 39. Kf3 Nd6 40. b4
Ne6 41. Kg4 gxf4 1/2-1/2

[Event "Tradewise Gibraltar Masters 14th"]
[Site "Gibraltar"]
[Date "2016.01.28"]
[Round "3.121"]
[White "Vilarnovo Caamano, Jose"]
[Black "Savage, Neil"]
[Result "1-0"]
[WhiteElo "2043"]
[BlackElo "1689"]
[PlyCount "37"]
[EventDate "2016.01.26"]
[EventType "swiss"]
[EventRounds "10"]
[EventCountry "GGB"]
[Source "www.saund.co.uk"]
[SourceDate "2005.02.07"]

1. e4 c5 2. Nf3 Nc6 3. d4 cxd4 4. Nxd4 e5 5. Nb5 d6 6. N1c3 a6 7. Na3 Be6 8.
Nc4 Be7 9. Ne3 Nf6 10. Ned5 Bxd5 11. exd5 Nd4 12. a4 Rc8 13. Bd3 Qa5 14. O-O
Nxd5 15. Nxd5 Qxd5 16. c3 Nc6 17. Qg4 O-O 18. Bh6 Bf6 19. Qf5 1-0

[Event "Tradewise Gibraltar Masters 14th"]
[Site "Gibraltar"]
[Date "2016.01.28"]
[Round "3.122"]
[White "Joachim, Rodny"]
[Black "Moradi, Kimia"]
[Result "0-1"]
[WhiteElo "1659"]
[BlackElo "2024"]
[PlyCount "24"]
[EventDate "2016.01.26"]
[EventType "swiss"]
[EventRounds "10"]
[EventCountry "GGB"]
[Source "www.saund.co.uk"]
[SourceDate "2005.02.07"]

1. e4 e5 2. Nf3 Nc6 3. Bc4 Bc5 4. b4 Bb6 5. b5 Na5 6. Nxe5 Qf6 7. Bxf7+ Kf8 8.
d4 d6 9. Ba3 Ne7 10. O-O dxe5 11. dxe5 Qxf7 12. Qd8+ Qe8 0-1

[Event "Tradewise Gibraltar Masters 14th"]
[Site "Gibraltar"]
[Date "2016.01.28"]
[Round "3.123"]
[White "Lindqvist, Roland"]
[Black "Beadle, John R"]
[Result "1-0"]
[WhiteElo "2018"]
[BlackElo "1560"]
[PlyCount "51"]
[EventDate "2016.01.26"]
[EventType "swiss"]
[EventRounds "10"]
[EventCountry "GGB"]
[Source "www.saund.co.uk"]
[SourceDate "2005.02.07"]

1. e4 c6 2. Nc3 d5 3. Nf3 Bg4 4. h3 Bxf3 5. Qxf3 e6 6. d3 Bd6 7. Qg4 Be5 8. f4
Nh6 9. Qf3 Bxc3+ 10. bxc3 O-O 11. g4 f6 12. Bg2 Nd7 13. O-O Nf7 14. Qe3 Re8 15.
a4 Qb6 16. a5 Qxe3+ 17. Bxe3 dxe4 18. Bxe4 e5 19. a6 exf4 20. Bxf4 Rxe4 21.
axb7 Ree8 22. bxa8=Q Rxa8 23. Ra6 c5 24. c4 Nb6 25. Rfa1 Nc8 26. Be3 1-0

[Event "Tradewise Gibraltar Masters 14th"]
[Site "Gibraltar"]
[Date "2016.01.29"]
[Round "4.1"]
[White "Vachier-Lagrave, Maxime"]
[Black "Sethuraman, S.P."]
[Result "1/2-1/2"]
[WhiteElo "2785"]
[BlackElo "2639"]
[PlyCount "65"]
[EventDate "2016.01.26"]
[EventType "swiss"]
[EventRounds "10"]
[EventCountry "GGB"]
[Source "www.saund.co.uk"]
[SourceDate "2005.02.07"]

1. e4 e5 2. Nf3 Nc6 3. Bb5 a6 4. Ba4 Nf6 5. O-O Nxe4 6. d4 b5 7. Bb3 d5 8. dxe5
Be6 9. c3 Be7 10. Nbd2 Nc5 11. Bc2 d4 12. cxd4 Nxd4 13. Nxd4 Qxd4 14. Nf3 Qxd1
15. Rxd1 O-O 16. Nd4 Rfd8 17. Be3 Bd5 18. Rac1 Ne6 19. Nf5 Bf8 20. a3 b4 21.
axb4 Bxb4 22. Nd4 a5 23. f4 g6 24. f5 Nxd4 25. Bxd4 Bf3 26. gxf3 Rxd4 27. Be4
Rxd1+ 28. Rxd1 Re8 29. f4 gxf5 30. Bxf5 f6 31. Bd7 Rf8 32. Be6+ Kh8 33. exf6
1/2-1/2

[Event "Tradewise Gibraltar Masters 14th"]
[Site "Gibraltar"]
[Date "2016.01.29"]
[Round "4.2"]
[White "Lenic, Luka"]
[Black "Jakovenko, Dmitry"]
[Result "1/2-1/2"]
[WhiteElo "2611"]
[BlackElo "2732"]
[PlyCount "116"]
[EventDate "2016.01.26"]
[EventType "swiss"]
[EventRounds "10"]
[EventCountry "GGB"]
[Source "www.saund.co.uk"]
[SourceDate "2005.02.07"]

1. d4 Nf6 2. c4 e6 3. Nf3 d5 4. Nc3 Be7 5. Bf4 O-O 6. e3 Nbd7 7. c5 Ne4 8. h3
f5 9. Be2 c6 10. O-O b6 11. cxb6 axb6 12. Ne5 Nxe5 13. Bxe5 Bd6 14. Bxd6 Qxd6
15. Qc2 Bd7 16. Nxe4 fxe4 17. Qc3 c5 18. f3 exf3 19. Rxf3 c4 20. Rxf8+ Rxf8 21.
Rf1 Rb8 22. a3 b5 23. Qa5 Be8 24. Qa7 Bg6 25. Bg4 Re8 26. Qa5 h5 27. Bd1 Kh7
28. Qd2 Rf8 29. Rxf8 Qxf8 30. Bc2 h4 31. Qe2 Bxc2 32. Qxc2+ Kh6 33. Qd2 Qf5 34.
Qe1 Qe4 35. Qf2 Kg5 36. Kh2 Qf5 37. Qd2 Qf8 38. Kg1 Qd6 39. Qe2 Qg3 40. Qd2 Kf5
41. Qc2+ Kf6 42. Qd2 g5 43. Qe2 e5 44. dxe5+ Qxe5 45. Qd2 Ke6 46. Kf2 Qf5+ 47.
Ke2 g4 48. hxg4 Qxg4+ 49. Kf2 Ke5 50. Qc3+ Kf5 51. Qc2+ Qe4 52. Qc3 Qe5 53.
Qc2+ Kg5 54. Qd2 Kf5 55. Qc2+ Kf6 56. Qd2 Ke6 57. Kg1 Qg5 58. Kf2 Qf6+ 1/2-1/2

[Event "Tradewise Gibraltar Masters 14th"]
[Site "Gibraltar"]
[Date "2016.01.29"]
[Round "4.3"]
[White "Harika, Dronavalli"]
[Black "Rapport, Richard"]
[Result "1/2-1/2"]
[WhiteElo "2511"]
[BlackElo "2721"]
[PlyCount "73"]
[EventDate "2016.01.26"]
[EventType "swiss"]
[EventRounds "10"]
[EventCountry "GGB"]
[Source "www.saund.co.uk"]
[SourceDate "2005.02.07"]

1. c4 d6 2. Nc3 c5 3. e3 g6 4. g3 h5 5. h3 Bd7 6. Bg2 Qc8 7. Nge2 Bg7 8. b3 Nf6
9. Bb2 Bc6 10. f3 O-O 11. O-O a6 12. a4 Rd8 13. Rc1 Nbd7 14. e4 Nf8 15. d4 cxd4
16. Nd5 Bxd5 17. cxd5 Qd7 18. Nxd4 e6 19. dxe6 Nxe6 20. Nxe6 Qxe6 21. Bd4 Rac8
22. Qd3 Rxc1 23. Rxc1 h4 24. Bxf6 Qxf6 25. f4 Qb2 26. Rb1 Qa2 27. Rc1 Bb2 28.
Rf1 Rc8 29. e5 Ba3 30. e6 Rc2 31. exf7+ Kxf7 32. Qd5+ Kf8 33. f5 Bc5+ 34. Kh1
Rf2 35. fxg6 Rxf1+ 36. Bxf1 Qf2 37. Qf7+ 1/2-1/2

[Event "Tradewise Gibraltar Masters 14th"]
[Site "Gibraltar"]
[Date "2016.01.29"]
[Round "4.4"]
[White "Goryachkina, Aleksandra"]
[Black "Bacrot, Etienne"]
[Result "0-1"]
[WhiteElo "2502"]
[BlackElo "2697"]
[PlyCount "90"]
[EventDate "2016.01.26"]
[EventType "swiss"]
[EventRounds "10"]
[EventCountry "GGB"]
[Source "www.saund.co.uk"]
[SourceDate "2005.02.07"]

1. d4 e6 2. c4 Bb4+ 3. Bd2 a5 4. Nf3 Nf6 5. Nc3 d5 6. e3 O-O 7. Bd3 b6 8. O-O
Bb7 9. cxd5 exd5 10. Qc2 Re8 11. a3 Bf8 12. Ne5 c5 13. Bb5 Re7 14. Qf5 Rc7 15.
Rfd1 Nc6 16. Be1 Ne7 17. Qh3 Ng6 18. Nxg6 hxg6 19. g3 c4 20. Ba4 Ne4 21. f3
Nxc3 22. bxc3 b5 23. Bc2 Bd6 24. Rdb1 Bc6 25. e4 Qf8 26. e5 Bxa3 27. f4 b4 28.
f5 gxf5 29. Bxf5 g6 30. Qg4 Re8 31. h4 Qg7 32. Bc2 b3 33. Rxa3 bxc2 34. Rc1 Bd7
35. Qf4 Bf5 36. Rxa5 Be4 37. Rb5 g5 38. Qg4 gxh4 39. Qxh4 Rc6 40. Bd2 Rg6 41.
Kf2 Rg4 42. Qh2 Qg6 43. Rb7 Rg5 44. Qh4 Rh5 45. Rb6 Rf5+ 0-1

[Event "Tradewise Gibraltar Masters 14th"]
[Site "Gibraltar"]
[Date "2016.01.29"]
[Round "4.5"]
[White "Ragger, Markus"]
[Black "Muzychuk, Anna"]
[Result "1-0"]
[WhiteElo "2689"]
[BlackElo "2537"]
[PlyCount "77"]
[EventDate "2016.01.26"]
[EventType "swiss"]
[EventRounds "10"]
[EventCountry "GGB"]
[Source "www.saund.co.uk"]
[SourceDate "2005.02.07"]

1. d4 d5 2. c4 c6 3. Nf3 Nf6 4. Nc3 e6 5. e3 Nbd7 6. Qc2 Bd6 7. Be2 O-O 8. O-O
b6 9. e4 Nxe4 10. Nxe4 dxe4 11. Qxe4 Bb7 12. Bf4 Nf6 13. Qe3 c5 14. Rad1 Bxf4
15. Qxf4 Qe7 16. Qe5 cxd4 17. Rxd4 Rfd8 18. Rfd1 Rac8 19. a3 Kf8 20. b4 h6 21.
h3 Rxd4 22. Nxd4 a6 23. Nb3 Nd7 24. Qe3 Rc7 25. Bf3 Bxf3 26. Qxf3 a5 27. bxa5
bxa5 28. Nxa5 Qc5 29. Qa8+ Rc8 30. Qb7 Ne5 31. Nb3 Qc6 32. Qb4+ Kg8 33. c5 Qa6
34. a4 Qe2 35. Rd2 Qe1+ 36. Kh2 Nd3 37. Qd4 Nxc5 38. Rc2 e5 39. Qe3 1-0

[Event "Tradewise Gibraltar Masters 14th"]
[Site "Gibraltar"]
[Date "2016.01.29"]
[Round "4.6"]
[White "Harikrishna, Pentala"]
[Black "Aravindh, Chithambaram Vr"]
[Result "1-0"]
[WhiteElo "2755"]
[BlackElo "2500"]
[PlyCount "229"]
[EventDate "2016.01.26"]
[EventType "swiss"]
[EventRounds "10"]
[EventCountry "GGB"]
[Source "www.saund.co.uk"]
[SourceDate "2005.02.07"]

1. Nf3 Nf6 2. c4 e6 3. g3 d5 4. Bg2 Be7 5. d4 O-O 6. Qc2 dxc4 7. Qxc4 a6 8. Qc2
c5 9. dxc5 Qa5+ 10. Bd2 Qxc5 11. Qxc5 Bxc5 12. Ne5 Nbd7 13. Nd3 Bd4 14. Bb4 Re8
15. Nd2 Ne5 16. Nxe5 Bxb2 17. Nd3 Bxa1 18. Nb3 a5 19. Bd2 e5 20. Nxa1 e4 21.
Nc5 a4 22. Bg5 Ra5 23. Bxf6 Rxc5 24. Bd4 Rc4 25. e3 Bh3 26. O-O Bf5 27. h3 Rec8
28. g4 Bg6 29. a3 b5 30. Kh2 b4 31. axb4 Rxb4 32. Rd1 h5 33. Kg3 hxg4 34. hxg4
a3 35. Rd2 f6 36. Kf4 Rc1 37. Ra2 Ra4 38. Nc2 Rg1 39. Bxe4 Bxe4 40. Kxe4 Rxg4+
41. Kf3 f5 42. Rxa3 Rxa3 43. Nxa3 Kf7 44. Nb5 g6 45. Nc3 Rg1 46. Ne2 Rb1 47.
Ng3 Rg1 48. Be5 Ke6 49. Bg7 Kf7 50. Bh6 Kf6 51. Kf4 Rg2 52. f3 Rb2 53. e4 fxe4
54. Bg5+ Ke6 55. fxe4 Rf2+ 56. Ke3 Rg2 57. Kf3 Rg1 58. Be3 Rb1 59. Bf4 Rb3+ 60.
Kg4 Kf6 61. Nh1 Rb2 62. Bg3 Rb4 63. Nf2 Ra4 64. Bf4 Ra3 65. Nh3 Ra1 66. Bg3 Ra3
67. Kf4 Ra1 68. Bh4+ Ke6 69. Ng5+ Kd6 70. Bg3 Rf1+ 71. Ke3+ Ke7 72. e5 Ra1 73.
Bf2 Ra4 74. Kd3 Rf4 75. Be3 Rg4 76. Bc5+ Ke8 77. Ne6 Rh4 78. Nd4 g5 79. e6 Rh6
80. Ke4 g4 81. Ke5 g3 82. Nf5 Rg6 83. Nd6+ Kd8 84. Kf5 Rg8 85. Ne4 g2 86. e7+
Kc7 87. Nf6 Kc6 88. Bg1 Ra8 89. e8=Q+ Rxe8 90. Nxe8 Kd5 91. Nf6+ Kc4 92. Ke4
Kc3 93. Kf3 Kd3 94. Kxg2 Ke2 95. Ne4 Kd3 96. Nd6 Kc3 97. Kf3 Kd3 98. Be3 Kc3
99. Ke2 Kb4 100. Bb6 Kc3 101. Ke3 Kc2 102. Ba5 Kb3 103. Kd3 Ka4 104. Bc3 Kb3
105. Ne4 Ka4 106. Kc4 Ka3 107. Nc5 Ka2 108. Kd3 Kb1 109. Kd2 Ka2 110. Kc2 Ka3
111. Bd2 Ka2 112. Bc1 Ka1 113. Nd3 Ka2 114. Nb4+ Ka1 115. Bb2# 1-0

[Event "Tradewise Gibraltar Masters 14th"]
[Site "Gibraltar"]
[Date "2016.01.29"]
[Round "4.8"]
[White "Oparin, Grigoriy"]
[Black "Anand, Viswanathan"]
[Result "1/2-1/2"]
[WhiteElo "2565"]
[BlackElo "2784"]
[PlyCount "62"]
[EventDate "2016.01.26"]
[EventType "swiss"]
[EventRounds "10"]
[EventCountry "GGB"]
[Source "www.saund.co.uk"]
[SourceDate "2005.02.07"]

1. e4 c5 2. Nf3 d6 3. d4 cxd4 4. Nxd4 Nf6 5. Nc3 a6 6. h3 e5 7. Nb3 Be6 8. Be3
Be7 9. f4 exf4 10. Bxf4 Nc6 11. Qe2 Nd7 12. O-O-O Nce5 13. Kb1 O-O 14. g4 Rc8
15. Qe3 Qc7 16. Nd4 Nb6 17. Qg3 Nbc4 18. Nd5 Bxd5 19. exd5 Ng6 20. Bc1 Bf6 21.
c3 Be5 22. Qf2 Nb6 23. Bg2 Na4 24. Qc2 Nc5 25. h4 Bxd4 26. Rxd4 Ne5 27. h5 f6
28. h6 g6 29. Rf1 b5 30. Rdf4 Qe7 31. Rd1 Rf7 1/2-1/2

[Event "Tradewise Gibraltar Masters 14th"]
[Site "Gibraltar"]
[Date "2016.01.29"]
[Round "4.9"]
[White "Yu Yangyi"]
[Black "Maze, Sebastien"]
[Result "1/2-1/2"]
[WhiteElo "2747"]
[BlackElo "2591"]
[PlyCount "101"]
[EventDate "2016.01.26"]
[EventType "swiss"]
[EventRounds "10"]
[EventCountry "GGB"]
[Source "www.saund.co.uk"]
[SourceDate "2005.02.07"]

1. Nf3 d5 2. d4 Nf6 3. Bf4 c5 4. e3 Nc6 5. c3 Qb6 6. Qb3 c4 7. Qc2 Bf5 8. Qc1
h6 9. Nbd2 e6 10. Be2 Be7 11. b3 cxb3 12. axb3 O-O 13. O-O Rfc8 14. Qb2 a5 15.
Ra4 Qd8 16. Rfa1 Ne8 17. h3 Nd6 18. R4a2 b6 19. Bf1 Bf8 20. Rc1 Nb7 21. Raa1
Bd6 22. Bxd6 Nxd6 23. b4 axb4 24. Rxa8 Rxa8 25. cxb4 Ne7 26. b5 Rc8 27. Ne5
Rxc1 28. Qxc1 f6 29. Nef3 Bg6 30. Nb1 Qd7 31. Nc3 Qc7 32. Qa3 Ne4 33. Nxe4 Bxe4
34. Ne1 Kf7 35. Nd3 Bxd3 36. Bxd3 Nc8 37. h4 f5 38. h5 Nd6 39. g3 Kf6 40. Kg2
Kf7 41. Qa1 Ke7 42. Qa8 Qc8 43. Qa3 Qc7 44. Kh3 Kf7 45. Qa1 Ne8 46. Kg2 Nf6 47.
Be2 Ne4 48. Bf3 Nf6 49. Qa8 Qd7 50. Be2 Qc7 51. Bf3 1/2-1/2